000 00749nam a2200205 4500
001 122485
003 ES-MaACL
005 20250902030019.0
007 t|
008 070214s1967 sp r ||||1| spa d
110 2 _aIstituto per gli Studi Economici ed Organizzativi (Milán)
_95301
245 1 0 _aPrincipios de dirección /
_ctraducido por Luis Alfonso Tarabini-Castellani.
260 _aBilbao :
_bDeusto,
_c1967.
300 _a113 p., 3 h. ;
_c21 cm.
490 1 _aManuales practicos de Gestión de empresas. Serie A ;
_v1
700 1 _aTarabini-Castellani, Luis Alfonso.
_9109256
830 0 0 _aManuales prácticos de gestión de empresas (Deusto)
_v1
_9220714
852 _aES-MaACL
_jC-32806
_bR.63476
999 _c122485
_d122485